000 00588nam a2200229Ia 4500
003 OSt
005 20221007062615.0
006 a|||||r|||| 00| 0
007 ta
008 221006b |||||||| |||| 00| 0 eng d
024 _a14,392
037 _cTextual
040 _aFLL
_cFLL
_beng
041 _2eng
_aeng
082 _aX:5:Z2, M6
100 _aSethna J.M.
_9233072
245 0 _aCommercial law
260 _aAllahabad
_bWadhwa & Company India
_c1986
300 _axxxviii,418p
_ccm.
942 _hX:5:Z2, M6
_cTEXL
_2CC
999 _c1129094
_d1129094